|
|
|
|
| LEADER |
01144nam a2200265 a 4500 |
| 001 |
2047224 |
| 008 |
090519s1992 bg b 000 0 eng d |
| 010 |
|
|
|a \\\92906629
|
| 020 |
|
|
|a 9844670454
|
| 082 |
0 |
0 |
|a 363.9/095492
|2 20
|
| 040 |
|
|
|a DLC
|c DLC
|d DLC
|
| 100 |
1 |
|
|a Akhter, Farida.
|
| 245 |
1 |
0 |
|a Depopulating Bangladesh :
|b essays on the politics of fertility /
|c by Farida Akhter.
|
| 250 |
|
|
|a 1st ed.
|
| 260 |
|
|
|a Dhaka, Bangladesh :
|b Narigrantha Prabartana,
|c 1992.
|
| 300 |
|
|
|a 105 p. ;
|c 21 cm.
|
| 504 |
|
|
|a Includes bibliographical references.
|
| 541 |
1 |
|
|e 00006216
|
| 650 |
|
0 |
|a Birth control
|z Bangladesh.
|
| 650 |
|
0 |
|a Women
|z Bangladesh
|x Social conditions.
|
| 650 |
|
0 |
|a Fertility, Human
|z Bangladesh.
|
| 852 |
4 |
|
|a Ayesha Abed Library
|j Generalshelf
|
| 999 |
|
|
|c 8261
|d 8261
|
| 952 |
|
|
|0 0
|1 0
|2 ddc
|4 0
|6 363_909549200000000_AKH_1992
|7 0
|9 9470
|a BRACUL
|b BRACUL
|c GEN
|d 2010-04-27
|l 7
|m 17
|o 363.9095492 AKH
|p 3010006216
|q 2026-06-02
|r 2026-04-30
|s 2026-04-30
|t 2
|w 2010-04-27
|y BK
|
| 952 |
|
|
|0 0
|1 0
|2 ddc
|4 0
|6 363_909549200000000_AKH_1992
|7 0
|9 9471
|a BRACUL
|b BRACUL
|c GEN
|d 2010-04-27
|l 4
|o 363.9095492 AKH
|p 3010005883
|r 2026-02-25
|s 2026-02-23
|t 1
|w 2010-04-27
|y BK
|